Aylaklar : Roman (Record no. 3981)

000 -LEADER
fixed length control field 00542nam a22001817a 4500
008 - FIXED-LENGTH DATA ELEMENTS--GENERAL INFORMATION
fixed length control field 200111b ||||| |||| 00| 1 eng d
020 ## - INTERNATIONAL STANDARD BOOK NUMBER
International Standard Book Number 9754584052
041 ## - LANGUAGE CODE
Language code of text/sound track or separate title Türkçe
050 ## - LIBRARY OF CONGRESS CALL NUMBER
Classification number PL248.A55
100 ## - MAIN ENTRY--PERSONAL NAME
9 (RLIN) 229
Personal name Anday, Melih Cevdet
245 ## - TITLE STATEMENT
Title Aylaklar : Roman
Statement of responsibility, etc. Yayına Hazırlayan: Mürşit Balabanlılar
250 ## - EDITION STATEMENT
Edition statement 1.Basım
260 ## - PUBLICATION, DISTRIBUTION, ETC.
Place of publication, distribution, etc. İstanbul:
Name of publisher, distributor, etc. Türkiye İş Bankası Kültür Yayınları,
Date of publication, distribution, etc. Ekim 2002
300 ## - PHYSICAL DESCRIPTION
Extent 265 Sayfa
650 #0 - SUBJECT ADDED ENTRY--TOPICAL TERM
9 (RLIN) 145
Topical term or geographic name entry element Türk Edebiyatı
700 ## - ADDED ENTRY--PERSONAL NAME
9 (RLIN) 1642
Personal name Balabanlılar, Mürşit
942 ## - ADDED ENTRY ELEMENTS (KOHA)
Source of classification or shelving scheme
Koha item type Books
Holdings
Withdrawn status Lost status Source of classification or shelving scheme Damaged status Not for loan Permanent Location Current Location Shelving location Date acquired Full call number Barcode Date last seen Price effective from Koha item type
        Ödünç verilemez İmren Ahmet Tüzün Kütüphanesi İmren Ahmet Tüzün Kütüphanesi Ahmet Tüzün 2020-01-11 PL248.A55 100100004260 2020-01-11 2020-01-11 Books

This software was implemented, installed and managed by Devinim Software Training Consulting .